000 00529nam a2200145Ia 4500
008 170221s9999 xx 000 0 und d
100 _aNour Mohammad Yaghoubi
245 _aUndeniable Function of Performance Factors on Organizational Accomplishment
245 _cNour Mohammad Yaghoubi, Kamran Mahmodpour, Jamshid Moloudi, Atiyeh Sarayani
260 _bInternational Review of Management and Marketing
260 _c2016
300 _a15 : 9
650 _xMarketing.
856 _uhttp://www.econjournals.com/index.php/irmm
999 _c311865
_d311865